000 00677nam a2200217 u 4500
005 20210223132112.0
008 130625s2006 es r 000 0 spa d
020 _a8480766727
035 _aUPN01000191726
049 _aCG
050 4 _aBF789 C7
_bS9.2
100 1 _aSutton, Tina
_934117
245 1 3 _aLa armonía de los colores /
_cTina Sutton, Bride M. Whelan ; tr. Pilar Guerrero Jiménez.
260 _aBarcelona, Esp. :
_bBlume,
_c2006.
300 _a188 p. :
_bil.
534 _pTítulo original:
_tThe complete color harmony
650 4 _aPSICOLOGIA DEL COLOR
_97512
650 4 _aSENTIDO DEL COLOR
_97510
700 1 _aWhelan, Bride M.,
_ecoaut.
905 _aLibro
999 _c163829
_d163829